00439nam a22001337a 4500952014800000999001700148020001800165082001500183100002300198245002100221260004200242300001400284942000700298 001040708GEOGRAPHY & TRAVELaMESbMEScMALd2021-04-07g350.00l1o910 SHR/Yp41000r2025-03-10 12:51:13s2025-02-25w2021-04-07yBKzGR34R2 c41227d41227 a9789389869446 a910bSHR/Y aShreyamskumar, M V aYathra Parayathe aKozhikode:bMathrubhumi Books,c2020. a280 pages cBK